header

Sunday (Record no. 188762)

MARC details
000 -LEADER
fixed length control field 01756nam a2200337 a 4500
082 04 - DEWEY DECIMAL CLASSIFICATION NUMBER
Classification number 263/.3
100 1# - MAIN ENTRY--AUTHOR NAME
Personal name Harline, Craig.
245 10 - TITLE STATEMENT
Title Sunday
260 ## - PUBLICATION, DISTRIBUTION, ETC. (IMPRINT)
Place of publication New York :
Name of publisher Yale University Press,
Year of publication 2011, c2007.
300 ## - PHYSICAL DESCRIPTION
Number of Pages xv, 450 p.
500 ## - GENERAL NOTE
General note Originally published: New York : Doubleday, a division of Random House, 2007.
505 0# - FORMATTED CONTENTS NOTE
Formatted contents note A word before (Super Bowl Sunday, recently) -- Sunday ascendant: origins to AD 800 -- Sunday middle-aged: an English village in 1300 -- Sunday reformed: a Dutch town in 1624 -- Sunday a la mode: Paris in the 1890s, in mid-spring -- Sunday obscured: Belgium, August 2, 1914 -- Sunday still: England between the wars -- Sunday all mixed up: The United States in the 1950s -- A word after: Asse, Belgium, the Annual Kiwanis Barbecue.
650 #0 - SUBJECT ADDED ENTRY--TOPICAL TERM
Topical Term Sunday
856 40 - ELECTRONIC LOCATION AND ACCESS
Uniform Resource Identifier http://site.ebrary.com/lib/rucke/Doc?id=10579294

No items available.

© 2026 Rongo University
Contact us: librarian | system librarian | Rongo university